| 000 | 01435nam a22002057a 4500 | ||
|---|---|---|---|
| 008 | 170614s2016 mx||||| |||| 00| 0 spa d | ||
| 082 | 0 | 4 |
_a701.18 _bG245p |
| 110 | 1 |
_aCooperativa Cráter Invertido. _95137 |
|
| 245 | 1 | 0 |
_aBrújula y puerto : _bprácticas imaginativas, territorios en disputa / _cCooperativa Cráter Invertido. |
| 246 | 0 | 1 |
_aPort and compass : _bimaginative practices, disputed territories. |
| 250 | _a1a ed. | ||
| 260 |
_aMéxico : _bCooperativa Cráter Invertido, _c2016. |
||
| 300 |
_a178 páginas : _bilustraciones en color. |
||
| 500 | _aPublicado como parte del proyecto "Territories", creado por 6 organizaciones que forman parte de Artscollaboratory Ecosystem. | ||
| 505 | 0 |
_tQuisiera tener los pies llenos de tierra / I would like to have my feet cover with dirt _rAline Hernández. _tLas artes, las ciencias, los pueblos originarios y sótanos del mundo / The arts, the sciences, the originary peoples and the basements of the world _rEjército Zapatista de Liberación Nacional. _tEl momento más oscuro de la noche / The darkest moment of the night _rTania Ximena y Yollotl Alvarado. _tArtista como agroecólogo / The artist as agroecologist _rFernando García-Dory. _tEl lugar de una carta / Instead of a letter _rDanilo Volpato. _tMutó la radio / Radio mutate _rLorena Marin. |
|
| 653 | 1 | 0 | _aArte contemporáneo |
| 653 | 1 | 0 | _aArte - Crítica y apreciación |
| 653 | 1 | 0 | _aEnsayos |
| 653 | 1 | 0 | _aFilosofía del arte |
| 999 |
_c1196 _d1196 |
||